Les Principaux Rôles de Leonardo DiCaprio au Cinéma - Statistiques

Statistiques générales
  • Ce quiz a été pris 348 fois
  • Le résultat moyen est 10 sur 25
Statistiques - réponses
Hint Réponse % Correct
Jay Gatsby Gatsby le Magnifique
87%
Roméo Montaigu Roméo + Juliette
85%
Jack Dawson Titanic
79%
Arthur Rimbaud Rimbaud Verlaine
73%
Frank Abagnale, Jr. Arrête-moi si tu peux
66%
Jordan Belfort Le Loup de Wall Street
62%
Louis XIV / Philippe L'Homme au Masque de fer
57%
John Edgar Hoover J. Edgar
48%
Arnie Grape Gilbert Grape
44%
Calvin J. Candie Django Unchained
42%
Rick Dalton Once Upon a Time... in Hollywood
39%
Howard Hughes Aviator
38%
Edward « Teddy » Daniels / Andrew Laeddis Shutter Island
37%
Dominic Cobb Inception
28%
Fee Herod / Le Kid Mort ou Vif
24%
Ernest Burkhart Killers of the Flower Moon
21%
William « Billy » Costigan Jr Les Infiltrés
20%
Amsterdam Vallon Gangs of New York
19%
Richard La Plage
17%
Hugh Glass The Revenant
16%
Jim Caroll Basketball Diaries
14%
Danny Archer Blood diamond
13%
Frank Wheeler Les Noces rebelles
13%
Josh Critters 3
9%
Roger Ferris Mensonges d'état
9%
Aucun quiz correspondant
Distribution des résultats
% des personnes avec chaque résultat
Percentile par nombre de réponses
Votre historique - résultats
Vous n’avez pas pris ce quiz